[Event "Pan American-ch School U17 12th"]
[Site "Callao"]
[Date "2023.10.21"]
[Round "9"]
[White "Ayllon Porto, Rodrigo Omar"]
[Black "Ochoa Rodriguez, Adriel Miguel"]
[Result "1-0"]
[WhiteElo "1064"]
[BlackElo "1205"]
[PlyCount "103"]
[EventDate "2023.10.16"]
[EventType "swiss"]
[EventRounds "9"]
[EventCountry "PER"]
[SourceTitle "Mega2024 Update 01"]
[Source "Chessbase"]
[SourceDate "2023.11.12"]
[SourceVersion "1"]
[SourceVersionDate "2023.11.12"]
[SourceQuality "1"]

1. e4 c6 2. d3 d5 3. Nd2 e5 4. Ngf3 Bd6 5. g3 Nf6 6. Bg2 0-0 7. 0-0 Bg4 8. h3 Bc8 9. c3 Re8 10. Re1 Be6 11. d4 exd4 12. Nxd4 Bd7 13. exd5 cxd5 14. N2b3 Rxe1+ 15. Qxe1 Qc8 16. Bg5 Nh5 17. Kh2 h6 18. Qe2 Nxg3 19. fxg3 hxg5 20. Qh5 g6 21. Qxg5 Kg7 22. Qxd5 Qc7 23. Rf1 Bxg3+ 24. Kh1 Bc6 25. Qg5 Nd7 26. Nf5+ Kg8 27. Nxg3 Bxg2+ 28. Kxg2 Re8 29. Nd4 Re5 30. Qf4 f6 31. Qg4 Rg5 32. Qe6+ Kh7 33. Rf3 Ne5 34. h4 Nxf3 35. hxg5 Nh4+ 36. Kh2 fxg5 37. Qg4 Qc5 38. Ne6 Kh6 39. Kh3 Qf2 40. Nxg5 Nf5 41. N5e4 Kg7 42. Qg5 Qf3 43. Qf6+ Kg8 44. Qxg6+ Kh8 45. Qxf5 Qe3 46. Qf8+ Kh7 47. Nf6+ Kg6 48. Qe8+ Qxe8 49. Nxe8 Kf7 50. Nd6+ Ke6 51. Nxb7 Kd7 52. Na5 1-0

[Event "Pan American-ch School U17 12th"]
[Site "Callao"]
[Date "2023.10.17"]
[Round "4"]
[White "Ayllon Porto, Rodrigo Omar"]
[Black "Alvarez Serpa, Diego Sebastian"]
[Result "0-1"]
[WhiteElo "1064"]
[BlackElo "1067"]
[PlyCount "110"]
[EventDate "2023.10.16"]
[EventType "swiss"]
[EventRounds "9"]
[EventCountry "PER"]
[SourceTitle "Mega2024 Update 01"]
[Source "Chessbase"]
[SourceDate "2023.11.12"]
[SourceVersion "1"]
[SourceVersionDate "2023.11.12"]
[SourceQuality "1"]

1. e4 d5 2. exd5 Nf6 3. Nf3 Nxd5 4. Bc4 Nb6 5. Bb3 Nc6 6. 0-0 Bg4 7. d3 e5 8. Nbd2 Bd6 9. h3 Bh5 10. Ne4 Nd4 11. g4 Nxb3 12. axb3 Bg6 13. Nxd6+ Qxd6 14. Nxe5 0-0 15. Nc4 Nxc4 16. bxc4 a6 17. f4 f5 18. g5 Be8 19. b3 Qd4+ 20. Be3 Qxe3+ 21. Kh2 Bc6 22. Qe1 Rfe8 23. Qxe3 Rxe3 24. Rae1 Rae8 25. Rxe3 Rxe3 26. Rf2 b5 27. cxb5 axb5 28. h4 Be8 29. Kg2 Bh5 30. Rd2 Re2+ 31. Rxe2 Bxe2 32. b4 Bd1 33. c3 Bc2 34. d4 Be4+ 35. Kg3 g6 36. Kf2 Kf7 37. Ke3 Ke6 38. Kd2 Kd5 39. Ke3 Kc4 40. Kd2 c6 41. Ke3 Kxc3 42. h5 Kxb4 43. hxg6 hxg6 44. d5 cxd5 45. Kd4 Kb3 46. Ke5 Kc3 47. Kf6 b4 48. Kxg6 b3 49. Kh7 b2 50. g6 b1Q 51. g7 Qb7 52. Kh8 Qxg7+ 53. Kxg7 d4 54. Kf6 d3 55. Kg5 d2 0-1